The eye care handbook / (Record no. 4952)

MARC details
000 -LEADER
fixed length control field 00592 a2200193 4500
010 ## - LCCN (DPL NO)
LC control number ENG-86672
020 ## - INTERNATIONAL STANDARD BOOK NUMBER
Terms of availability 105.00
International Standard Book Number 8125031529
035 ## - SYSTEM CONTROL NUMBER
System control number EN-70205
037 ## - SOURCE OF ACQUISITION
Source of stock number/acquisition DBAD / PUB
082 14 - DEWEY DECIMAL CLASSIFICATION NUMBER
Classification number 617.7
100 1# - MAIN ENTRY--PERSONAL NAME
Personal name Prajna, N Venkatesh
245 1# - TITLE STATEMENT
Title The eye care handbook /
Statement of responsibility, etc by N. Venkatesh Prajna [and] P. M. Aravind
260 ## - PUBLICATION, DISTRIBUTION, ETC. (IMPRINT)
Place of publication, distribution, etc Chennai
Name of publisher, distributor, etc Orient Longman
Date of publication, distribution, etc 2007
270 ## - ADDRESS
Address 160 Anna Salai
City Chennai
Postal code 600 002
Electronic mail address chegeneral@orientlongman.com
300 ## - PHYSICAL DESCRIPTION
Extent 116 p
Dimensions 22 cm (Pbk)
500 ## - GENERAL NOTE
General note Includes index
700 1# - ADDED ENTRY--PERSONAL NAME
Personal name Aravind, P. M.
942 ## - ADDED ENTRY ELEMENTS (KOHA)
Institution code [OBSOLETE] dpl
Item type English Books
Source of classification or shelving scheme Dewey Decimal Classification
Classification part 617.7
Call number suffix PRA
Holdings
Withdrawn status Lost status Not for loan Collection code Home library Current library Source of acquisition Cost, normal purchase price Full call number Barcode Copy number Cost, replacement price Koha item type
    Not For Loan Non-fiction D.B.Act.Division D.B.Act.Division DBAD/PUB 105.00 617.7 PRA EN-70205 1 105.00 English Books

© Delhi Public Library
Hit Counter
free hit counter